00619nam a2200169Ia 4500008004100000100002100041245013500062245002100197260005900218260000900277300001200286650001800298650001500316856002600331999001900357952007300376170221s9999 xx 000 0 und d aSam Chege Mwangi 2aA Lesson Before Dying: Embracing Innovations for Community Engagement as a Survival Strategy for Media in Crisis Sam Chege Mwangi  cSam Chege Mwangi bOnline Journal of Communication and Media Technologies c2013 a33 : 16 xCommunication xMedia Arts uhttp://www.ojcmt.net/ c311139d311139 001040aCLbCLd2017-02-21l0r2017-02-21 00:00:00w2017-02-21yFOJ